000 00961nam a2200241Ia 4500
003 OSt
005 20211123141400.0
008 210310s9999 xx 000 0 und d
020 _a#N/A
040 _aCO-JCMR
_cCO-JCMR
041 1 _aspa
_heng
082 0 4 _a336.3006 /
_bS471s
_223
111 _aSeminario Regional de Política Fiscal
_d(2001 :
_cSantiago de Chile)
_941660
245 0 _aXIII Seminario Regional de Política Fiscal :
_bcompendio de documentos /
260 _aChile :
_bComisión Económica para América Latina,
_c2001
300 _a442 páginas :
_bilustraciones y gráficas en blanco y negro ;
_c28 cm.
501 _aCon : notas a pie de página.
504 _aBibliografía : páginas 542.
546 0 _aTexto bilingüe : Español-Inglés.
650 1 4 _aPolítica fiscal
_vCongresos, conferencias
_zAmérica Latina
_941661
650 2 4 _aPolítica fiscal
_vCongresos, conferencias
_zCaribe (Región, Colombia)
_941662
942 _2ddc
_cBK
999 _c12780
_d12780